Music Quiz

Random Music Quiz

Music Period by Composer Quiz Stats

 Plays Quiz not verified by Sporcle

Also try: Who's the Singer?
Challenge
Share
Tweet
Embed
Score 0/10 Timer 05:00
0 Plays Today
% Correct
Baroque
96.2%
Romantic
96.2%
Classic
67.3%
Modern
63.5%
Impressionism
25%
Post Modern
15.4%
Ars Nova
9.6%
Ars Antiqua
7.7%
Expressionism
7.7%
Futurism
5.8%

You're not logged in!

Compare scores with friends on all Sporcle quizzes.
OR
Log In

You Might Also Like...

Show Comments

Extras

Created Apr 23, 2010ReportNominate
Tags:composer, period

Top Quizzes Today


Score Distribution

Your Account Isn't Verified!

In order to create a playlist on Sporcle, you need to verify the email address you used during registration. Go to your Sporcle Settings to finish the process.

Report this User

Report this user for behavior that violates our Community Guidelines.

Details: